Afganské fiasko

Bombardovaním Afganistanu, ktoré sa začalo 7. októbra 2001, sa Spojené štáty zaplietli do najdlhšej vojny vo svojich dejinách. Prezident USA George Bush ml. vyhlásil výnimočný stav, ktorý sa odvtedy predlžuje každý rok. NATO chcelo potlačiť terorizmus vo svete vojenskými prostriedkami, namiesto toho...

Descrizione completa

Salvato in:
Dettagli Bibliografici
Autore principale: Škvrnda, František
Natura: Capitolo di libro
Lingua:slovacco
Soggetti:
Tags: Aggiungi Tag
Nessun Tag, puoi essere il primo ad aggiungerne!!

MARC

LEADER 00000naa a2200000 4500
001 0250925
005 20240502074025.5
041 0 |a slo 
044 |a SK 
245 1 0 |a Afganské fiasko  |c František Škvrnda 
520 |a Bombardovaním Afganistanu, ktoré sa začalo 7. októbra 2001, sa Spojené štáty zaplietli do najdlhšej vojny vo svojich dejinách. Prezident USA George Bush ml. vyhlásil výnimočný stav, ktorý sa odvtedy predlžuje každý rok. NATO chcelo potlačiť terorizmus vo svete vojenskými prostriedkami, namiesto toho ho však podnietilo. 
610 2 0 |a konflikty 
610 2 0 |a vojny 
610 2 0 |a intervencie 
610 2 0 |a politika zahraničná 
610 2 0 |a terorizmus 
610 2 0 |a USA 
610 2 0 |a Afganistan 
100 1 |a Škvrnda, František